000 00310cam a2200133ua 4500
041 _aeng
_h
100 _aAgarwal, B.K .
245 _aHealthcare and Management of Milk Animal
260 _aIndia :
_bFarm information Unit ,
_c1986.
300 _a ; .
504 _a
942 _cBK
999 _c12929
_d12929